000
00307nam a22001337a 4500
003
SGT
082
_a
150
_b
E17S
100
_a
STAHL, STEPHEN M.
245
_a
ESSENTIAL PSYCHOPHARMACOLOGY PRESCRIBER'S GUIDE
250
_a
6TH
260
_a
INDIA
_b
CAMBRIDGE UNI
_c
2017
300
_a
868
942
_2
ddc
_c
BK
999
_c
14970
_d
14970